Marginalidad y reproducción de la fuerza de trabajo en la región metropolitana 1963-1976 /
Gespeichert in:
| 1. Verfasser: | |
|---|---|
| Weitere Verfasser: | |
| Format: | Text |
| Veröffentlicht: |
San José:
UCR. Escuela de Arquitectura
|
| Tags: |
Tag hinzufügen
Keine Tags, Fügen Sie den ersten Tag hinzu!
|
MARC
| LEADER | 00000 a a2200000 04500 | ||
|---|---|---|---|
| 001 | 16461 | ||
| 003 | |||
| 040 | |||
| 090 | |a EXTRAVIADO | ||
| 100 | |a Guzmán Sandoval, Hugo | ||
| 245 | |a Marginalidad y reproducción de la fuerza de trabajo en la región metropolitana 1963-1976 / |c Hugo Guzmán Sandoval | ||
| 260 | |a San José: |b UCR. Escuela de Arquitectura | ||
| 300 | |a 20 p | ||
| 700 | |a Tossatti, Alessandro | ||
| 999 | |c 11860 |d 11860 | ||
